[Event "C.to Italiano Semifinale"]
[Site "Porto San Giorgio ITA"]
[Date "2015.07.15"]
[Round "6"]
[White "Bruno, Fabio"]
[Black "Marzaduri, Riccardo"]
[WhiteElo "2427"]
[BlackElo "2163"]
[Result "1/2-1/2"]
[PlyCount "120"]
[EventDate "2015.07.11"]

1. d4 Nf6 2. Nf3 e6 3. e3 d5 4. Bd3 c5 5. c3 Nbd7 6. Nbd2 Qc7 7. O-O Be7 8. c4
O-O 9. b3 e5 10. dxe5 Nxe5 11. Nxe5 Qxe5 12. Ba3 Bg4 13. Nf3 Qh5 14. h3 Bf5 15.
Ne5 Bxd3 16. Qxh5 Nxh5 17. Nxd3 dxc4 18. bxc4 Rac8 19. Rfd1 Nf6 20. Rab1 b6 21.
Bb2 Nd7 22. Nf4 Rfd8 23. Nd5 Bf8 24. Rd2 Nb8 25. Bc3 Nc6 26. a3 f5 27. Rbd1 Kf7
28. Kf1 Rd7 29. Ke2 Rcd8 30. g4 g6 31. gxf5 gxf5 32. Rg1 Ne7 33. Nxe7 Rxd2+ 34.
Bxd2 Bxe7 35. a4 Rd6 36. Bc3 Rg6 37. Rd1 Ke6 38. a5 Rh6 39. axb6 axb6 40. Rh1
Bf6 41. Bxf6 Kxf6 42. f4 Ke7 43. h4 Kd7 44. Kf3 Re6 45. Rd1+ Kc6 46. Rd5 b5 47.
Rxf5 bxc4 48. Rg5 c3 49. Rg1 Kd5 50. f5 Re8 51. Rc1 Kc4 52. e4 Kd3 53. Rd1+ Kc2
54. Rd5 c4 55. Ke3 Kb2 56. Rb5+ Ka3 57. e5 Rd8 58. Ra5+ Kb2 59. Rb5+ Ka3 60.
Ra5+ Kb2 1/2-1/2

[Event "C.to Italiano Semifinale"]
[Site "Porto San Giorgio ITA"]
[Date "2015.07.15"]
[Round "6"]
[White "Contin, Daniel"]
[Black "Genocchio, Daniele"]
[WhiteElo "2296"]
[BlackElo "2423"]
[Result "0-1"]
[PlyCount "96"]
[EventDate "2015.07.11"]

1. c4 e5 2. Nc3 Nc6 3. e3 Nf6 4. Qb3 g6 5. Nf3 Bg7 6. Be2 O-O 7. d4 d6 8. O-O
Re8 9. dxe5 Nxe5 10. Nxe5 Rxe5 11. f4 Re8 12. Bf3 Ng4 13. Nd1 a5 14. h3 Nh6 15.
Qd3 Nf5 16. Bd2 Ng3 17. Re1 Qh4 18. Nf2 Bf5 19. e4 Be6 20. Rac1 c5 21. b3 a4
22. Be3 axb3 23. axb3 Rad8 24. Nd1 Nxe4 25. Re2 Ng3 26. Rd2 Bf5 27. Qd5 Ne4 28.
Re2 Ng3 29. Rd2 Be4 30. Bxe4 Nxe4 31. Re2 Ng3 32. Rd2 Ne4 33. Re2 Ng3 34. Rd2
Rxe3 35. Nxe3 Bd4 36. Qf3 Re8 37. Re1 Nf5 38. g3 Qe7 39. Rxd4 Nxd4 40. Qd5 Qd7
41. g4 Nxb3 42. Kf2 Nd4 43. Qg5 Qa4 44. f5 Qa2+ 45. Kf1 Qh2 46. Qh6 Re4 47. Ng2
Rxe1+ 48. Kxe1 Qxg2 0-1

[Event "C.to Italiano Semifinale"]
[Site "Porto San Giorgio ITA"]
[Date "2015.07.15"]
[Round "6"]
[White "Coronel, Joshua"]
[Black "Luciani, Valerio"]
[WhiteElo "2017"]
[BlackElo "2214"]
[Result "0-1"]
[PlyCount "70"]
[EventDate "2015.07.11"]

1. e4 c5 2. Nf3 d6 3. d4 cxd4 4. Nxd4 Nf6 5. Nc3 a6 6. Be3 e5 7. Nb3 Be7 8. f3
Be6 9. Qd2 Nbd7 10. O-O-O b5 11. g4 O-O 12. h4 b4 13. Ne2 a5 14. Kb1 a4 15.
Nbc1 Qa5 16. g5 Nh5 17. Bh3 Bxh3 18. Rxh3 Rfc8 19. b3 Nc5 20. Ng3 Nxg3 21. Rxg3
Ne6 22. Rg2 Nc7 23. Ka1 Nb5 24. Qd5 Rc3 25. Bd2 Rc5 26. Qb7 Rc7 27. Qd5 Rc5 28.
Qb7 Ra7 29. Qb8+ Bf8 30. Be3 Ra8 31. Qb7 axb3 32. cxb3 Rc3 33. Rd5 Rxe3 34.
Qxb5 Qa3 35. Rc2 Re1 0-1

[Event "C.to Italiano Semifinale"]
[Site "Porto San Giorgio ITA"]
[Date "2015.07.15"]
[Round "6"]
[White "Dappiano, Andrea"]
[Black "Bove, Alessandro"]
[WhiteElo "2204"]
[BlackElo "2322"]
[Result "0-1"]
[PlyCount "45"]
[EventDate "2015.07.11"]

1. e4 g6 2. d4 Bg7 3. Nc3 c6 4. Be3 d5 5. Qd2 dxe4 6. Nxe4 Nd7 7. O-O-O Ngf6 8.
Nxf6+ Nxf6 9. Nf3 O-O 10. Ne5 Be6 11. Kb1 Rc8 12. f3 c5 13. dxc5 Qc7 14. Bd4
Rfd8 15. Be2 Nd7 16. Nxd7 Qxd7 17. Be3 Bxa2+ 18. Ka1 Bd5 19. Qb4 Qe6 20. Rd3
Bc6 21. Rhd1 Rxd3 22. Rxd3 Qe5 23. Qf4 0-1

[Event "C.to Italiano Semifinale"]
[Site "Porto San Giorgio ITA"]
[Date "2015.07.15"]
[Round "6"]
[White "Gilevych, Artem"]
[Black "Ortega, Lexy"]
[WhiteElo "2407"]
[BlackElo "2481"]
[Result "0-1"]
[PlyCount "78"]
[EventDate "2015.07.11"]

1. d4 d5 2. c4 c6 3. Nc3 Nf6 4. Bg5 dxc4 5. a4 h6 6. Bxf6 exf6 7. e4 f5 8. Bxc4
fxe4 9. Qb3 Qc7 10. Nge2 a5 11. O-O Bb4 12. Nxe4 O-O 13. N2g3 Nd7 14. Qe3 Kh8
15. Qf3 Nb6 16. Bb3 Qe7 17. Nc3 Be6 18. d5 cxd5 19. Nxd5 Nxd5 20. Bxd5 Bxd5 21.
Qxd5 Rfd8 22. Qf5 Rd7 23. Rac1 Rad8 24. Rc4 g6 25. Qf4 Kg7 26. h4 h5 27. Qf3
Rd4 28. Rfc1 Qxh4 29. Ne4 Rxc4 30. Rxc4 Qe7 31. Qf4 Rd1+ 32. Kh2 Rd7 33. g3 Qe6
34. Rc8 Re7 35. f3 Qxc8 36. Qf6+ Kg8 37. Qd4 Qc2+ 38. Kh3 Rxe4 39. fxe4 Qc6 0-1

[Event "C.to Italiano Semifinale"]
[Site "Porto San Giorgio ITA"]
[Date "2015.07.15"]
[Round "6"]
[White "Pescatore, Lorenzo"]
[Black "Bellia, Fabrizio"]
[WhiteElo "2267"]
[BlackElo "2461"]
[Result "0-1"]
[PlyCount "106"]
[EventDate "2015.07.11"]

1. e4 e5 2. Nf3 Nc6 3. Bc4 Nf6 4. d3 Bc5 5. c3 a6 6. O-O Ba7 7. Nbd2 O-O 8. h3
d6 9. Bb3 h6 10. Re1 Nh5 11. Nf1 Qf6 12. Be3 Bxe3 13. Nxe3 Nf4 14. Nd5 Nxd5 15.
exd5 Ne7 16. d4 Ng6 17. dxe5 dxe5 18. Bc2 Bf5 19. Bxf5 Qxf5 20. Qb1 Qf6 21. Qe4
Rae8 22. b3 Qd8 23. Rad1 f5 24. Qb4 e4 25. Nd4 Qxd5 26. c4 c5 27. Qb6 Qe5 28.
Nf3 Qf6 29. Rd6 Qf7 30. Rxg6 exf3 31. Rxe8 Rxe8 32. gxf3 Kh7 33. Rg3 Rc8 34.
Qd6 Rc6 35. Qe5 b6 36. Kf1 a5 37. a4 Rf6 38. f4 Qd7 39. Kg1 Rd6 40. Kh2 Rd2 41.
Rg2 Rd4 42. Qb8 Qe6 43. Qc7 Qf6 44. Rg3 Rd2 45. Rg2 Rb2 46. Rg3 Rxf2+ 47. Rg2
Rxg2+ 48. Kxg2 Qb2+ 49. Kg3 Qxb3+ 50. Kh4 Qxc4 51. Kh5 Qe2+ 52. Kh4 Qf2+ 53.
Kh5 Qg3 0-1

[Event "C.to Italiano Semifinale"]
[Site "Porto San Giorgio ITA"]
[Date "2015.07.15"]
[Round "6"]
[White "Podetti, Davide"]
[Black "Rombaldoni, Denis"]
[WhiteElo "2127"]
[BlackElo "2478"]
[Result "0-1"]
[PlyCount "46"]
[EventDate "2015.07.11"]

1. e4 c5 2. Nc3 Nc6 3. g3 g6 4. Bg2 Bg7 5. d3 d6 6. f4 e6 7. Nf3 Nge7 8. O-O
O-O 9. Be3 b6 10. Bf2 Ba6 11. a4 Qd7 12. Re1 Rac8 13. Qd2 Bb7 14. d4 cxd4 15.
Nxd4 Na5 16. Bf1 Nc4 17. Bxc4 Rxc4 18. a5 bxa5 19. Rxa5 Nc6 20. Nxc6 Qxc6 21.
Rxa7 Bxc3 22. bxc3 Rxe4 23. Be3 Rd4 0-1

[Event "C.to Italiano Semifinale"]
[Site "Porto San Giorgio ITA"]
[Date "2015.07.15"]
[Round "6"]
[White "Sedina, Elena"]
[Black "Borgo, Giulio"]
[WhiteElo "2319"]
[BlackElo "2351"]
[Result "1/2-1/2"]
[PlyCount "120"]
[EventDate "2015.07.11"]

1. e4 c5 2. Nf3 b6 3. Bc4 e6 4. O-O Bb7 5. Re1 Nf6 6. e5 d5 7. Bf1 Nfd7 8. d4
a6 9. c4 dxc4 10. Bxc4 b5 11. Bb3 cxd4 12. Nxd4 Nc5 13. Bc2 Qd5 14. f3 Nc6 15.
Nxc6 Qxd1 16. Rxd1 Bxc6 17. Be3 Rc8 18. Nc3 Nd7 19. f4 g5 20. f5 Nxe5 21. fxe6
fxe6 22. Ne4 Ng4 23. Bd4 e5 24. Bb6 Rb8 25. Ba7 Rb7 26. Nd6+ Bxd6 27. Rxd6 Rxa7
28. Rxc6 O-O 29. Re1 Kg7 30. h3 Rf6 31. Rxf6 Nxf6 32. Rxe5 h6 33. Kf2 Rd7 34.
Bf5 Rd2+ 35. Re2 Rd4 36. Ke1 Rf4 37. Bc8 a5 38. Re5 Rb4 39. b3 Re4+ 40. Rxe4
Nxe4 41. a3 b4 42. axb4 axb4 43. Ba6 Kf6 44. Ke2 Ke5 45. Ke3 h5 46. Bc4 h4 47.
Be2 Nc5 48. Bc4 Nd7 49. Bb5 Nf6 50. Bc6 Kd6 51. Bf3 Ke5 52. Bc6 g4 53. hxg4
Nxg4+ 54. Kf3 Nh2+ 55. Ke3 Nf1+ 56. Ke2 Ng3+ 57. Kd3 Kd6 58. Be4 Ke5 59. Bc6
Kd6 60. Be4 Ke5 1/2-1/2

[Event "C.to Italiano Semifinale"]
[Site "Porto San Giorgio ITA"]
[Date "2015.07.15"]
[Round "6"]
[White "Valsecchi, Alessio"]
[Black "Moroni, Luca"]
[WhiteElo "2457"]
[BlackElo "1821"]
[Result "0-1"]
[PlyCount "60"]
[EventDate "2015.07.11"]

1. e4 e6 2. d4 d5 3. Nc3 Nc6 4. Nf3 Nf6 5. Bd3 Bb4 6. O-O Bxc3 7. exd5 Nxd4 8.
bxc3 Nxf3+ 9. Qxf3 Qxd5 10. Qg3 Bd7 11. c4 Qc6 12. Re1 O-O-O 13. Rb1 Kb8 14.
Bb2 Bc8 15. a4 h5 16. h3 b6 17. a5 Bb7 18. axb6 axb6 19. h4 Ng4 20. Ba3 f5 21.
f3 Rd4 22. c5 Qd5 23. Rb3 Ra4 24. Be4 Qd4+ 25. Kh1 f4 26. cxb6 fxg3 27. bxc7+
Kxc7 28. Rxb7+ Kc8 29. fxg4 hxg4 30. Be7 Qxe4 0-1

[Event "C.to Italiano Semifinale"]
[Site "Porto San Giorgio ITA"]
[Date "2015.07.15"]
[Round "6"]
[White "Vezzosi, Paolo"]
[Black "Seresin, Francesco"]
[WhiteElo "2349"]
[BlackElo "2128"]
[Result "0-1"]
[PlyCount "96"]
[EventDate "2015.07.11"]

1. d4 f5 2. Nf3 Nf6 3. g3 g6 4. c4 Bg7 5. b4 O-O 6. Bb2 c6 7. Nbd2 a5 8. bxa5
Qxa5 9. Bg2 Ne4 10. e3 d5 11. O-O Be6 12. Nb3 Qc7 13. c5 Nd7 14. Qc2 g5 15. Ne1
f4 16. f3 Nef6 17. exf4 gxf4 18. g4 Bf7 19. Nd3 Bg6 20. Qe2 Bxd3 21. Qxd3 e5
22. g5 Nh5 23. Bh3 Rae8 24. Rae1 Qd8 25. Kh1 exd4 26. Bxd4 Rxe1 27. Rxe1 Re8
28. Rg1 Bxd4 29. Qxd4 Ne5 30. Qc3 Ng7 31. Nd4 Qe7 32. Re1 Qf7 33. Ne6 Nxe6 34.
Qxe5 Ng7 35. Qxe8+ Qxe8 36. Rxe8+ Nxe8 37. Bc8 Nc7 38. Bxb7 Kf7 39. Bxc6 Kg6
40. a4 Kxg5 41. a5 Kf6 42. Kg2 Ke5 43. Bd7 Kd4 44. c6 Ke3 45. Kf1 d4 46. Ke1 d3
47. Kd1 d2 48. Kc2 Ke2 0-1

[Event "C.to Italiano Semifinale"]
[Site "Porto San Giorgio ITA"]
[Date "2015.07.16"]
[Round "7"]
[White "Borgiani, Flavio"]
[Black "Pescatore, Lorenzo"]
[WhiteElo "2183"]
[BlackElo "2267"]
[Result "0-1"]
[PlyCount "66"]
[EventDate "2015.07.11"]

1. Nf3 c5 2. c4 Nc6 3. d4 cxd4 4. Nxd4 Nf6 5. Nc3 d6 6. Bg5 Qa5 7. Bxf6 gxf6 8.
Nb3 Qb6 9. e3 f5 10. a3 Bg7 11. Nd5 Qd8 12. Qd2 a5 13. Nd4 e6 14. Nc3 Nxd4 15.
exd4 Bd7 16. Be2 Qh4 17. Rd1 O-O 18. O-O Kh8 19. f4 Qf6 20. Bf3 Rab8 21. Ne2
Ba4 22. Rb1 Qd8 23. b3 Bc6 24. d5 Qb6+ 25. Kh1 Bd7 26. dxe6 fxe6 27. Rfd1 d5
28. cxd5 exd5 29. Bxd5 Rbd8 30. Nc3 Bc6 31. Qc2 Rc8 32. Be6 Be4 33. Qd2 Bxc3
0-1

[Event "C.to Italiano Semifinale"]
[Site "Porto San Giorgio ITA"]
[Date "2015.07.16"]
[Round "7"]
[White "Bove, Alessandro"]
[Black "Moroni, Luca"]
[WhiteElo "2322"]
[BlackElo "1821"]
[Result "1/2-1/2"]
[PlyCount "43"]
[EventDate "2015.07.11"]

1. e4 e6 2. d4 d5 3. Nd2 h6 4. Ngf3 Nf6 5. Bd3 c5 6. exd5 exd5 7. dxc5 Bxc5 8.
O-O O-O 9. Nb3 Bb6 10. h3 Re8 11. Re1 Nc6 12. c3 Bd7 13. Bf4 Rxe1+ 14. Qxe1 Qf8
15. Qd2 Re8 16. Re1 Bc8 17. Be3 Ne4 18. Qc2 Bc7 19. Nbd4 Ne5 20. Nxe5 Bxe5 21.
Nf3 Bb8 22. c4 1/2-1/2

[Event "C.to Italiano Semifinale"]
[Site "Porto San Giorgio ITA"]
[Date "2015.07.16"]
[Round "7"]
[White "Calavalle, Giulio"]
[Black "Dobboletta, Alex"]
[WhiteElo "2276"]
[BlackElo "2107"]
[Result "1-0"]
[PlyCount "52"]
[EventDate "2015.07.11"]

1. e4 c5 2. Nc3 e6 3. g3 Nc6 4. Bg2 Nf6 5. Nge2 Be7 6. O-O O-O 7. h3 d5 8. exd5
exd5 9. d4 cxd4 10. Nxd4 Qb6 11. Nce2 Bc5 12. Nb3 Bd6 13. Be3 Qc7 14. Nbd4 a6
15. c3 Ne5 16. Nf4 Bd7 17. Kh2 Nc4 18. Bc1 Nb6 19. Qd3 Rfe8 20. Qd1 Re7 21. a4
Rae8 22. Qc2 Re5 23. b3 a5 24. Nfe2 Ne4 25. Be3 Rh5 26. Nf4 Bxf4 1-0

[Event "C.to Italiano Semifinale"]
[Site "Porto San Giorgio ITA"]
[Date "2015.07.16"]
[Round "7"]
[White "Contin, Daniel"]
[Black "Sedina, Elena"]
[WhiteElo "2296"]
[BlackElo "2319"]
[Result "1/2-1/2"]
[PlyCount "59"]
[EventDate "2015.07.11"]

1. c4 e5 2. Nc3 Nf6 3. Nf3 Nc6 4. g3 Bb4 5. Nd5 e4 6. Nh4 O-O 7. Bg2 Re8 8. O-O
Bc5 9. d3 exd3 10. Qxd3 Ne5 11. Qc2 Nxd5 12. cxd5 d6 13. b3 a5 14. a3 Bd7 15.
Bb2 Qg5 16. b4 Bb6 17. e3 Ng4 18. Bd4 Bxd4 19. exd4 axb4 20. Qxc7 Bb5 21. Nf3
Qh6 22. Rfe1 bxa3 23. Qxb7 Ba4 24. Qb4 Bd7 25. Qb7 Ba4 26. h3 Reb8 27. Qe7 Re8
28. Qb7 Reb8 29. Qe7 Re8 30. Qb7 1/2-1/2

[Event "C.to Italiano Semifinale"]
[Site "Porto San Giorgio ITA"]
[Date "2015.07.16"]
[Round "7"]
[White "Corvi, Marco"]
[Black "Barp, Alberto"]
[WhiteElo "2300"]
[BlackElo "2222"]
[Result "1-0"]
[PlyCount "87"]
[EventDate "2015.07.11"]

1. c4 e5 2. Nc3 Nf6 3. Nf3 Nc6 4. g3 Bb4 5. Bg2 Bxc3 6. bxc3 O-O 7. O-O d6 8.
Rb1 e4 9. Nd4 Ne5 10. d3 c5 11. f4 exf3 12. Nxf3 Nfd7 13. Nh4 Nb6 14. Nf5 Qc7
15. Bg5 f6 16. Bd2 Bd7 17. Bc1 Rfe8 18. Qd2 Bc6 19. e4 Nc8 20. Rb2 Ne7 21. Ne3
b6 22. Qd1 Rad8 23. Rbf2 Bd7 24. h3 Qc8 25. Kh2 Rf8 26. g4 Be6 27. Kh1 Bd7 28.
Rg1 Kh8 29. Bf1 Rf7 30. d4 N5g6 31. Nf5 Bc6 32. Bg2 Nxf5 33. gxf5 Ne7 34. d5
Be8 35. Bf3 Ng8 36. Rfg2 Re7 37. Qe1 Qc7 38. Qh4 Ba4 39. Bh5 Be8 40. Bd1 Bd7
41. Rg4 Rf8 42. Qg3 Be8 43. Bf4 Rd7 44. Ba4 1-0

[Event "C.to Italiano Semifinale"]
[Site "Porto San Giorgio ITA"]
[Date "2015.07.16"]
[Round "7"]
[White "Genocchio, Daniele"]
[Black "Bellia, Fabrizio"]
[WhiteElo "2423"]
[BlackElo "2461"]
[Result "1/2-1/2"]
[PlyCount "35"]
[EventDate "2015.07.11"]

1. d4 d5 2. c4 e6 3. Nc3 Nf6 4. cxd5 exd5 5. Bg5 c6 6. e3 Be7 7. Bd3 Nbd7 8.
Qc2 h6 9. Bh4 Nh5 10. Bxe7 Qxe7 11. O-O-O Nb6 12. Kb1 Be6 13. h3 O-O-O 14. Nf3
Kb8 15. Na4 Nxa4 16. Qxa4 Nf6 17. Rc1 Ne4 18. Bxe4 1/2-1/2

[Event "C.to Italiano Semifinale"]
[Site "Porto San Giorgio ITA"]
[Date "2015.07.16"]
[Round "7"]
[White "Lantini, Marco"]
[Black "Bruno, Fabio"]
[WhiteElo "2094"]
[BlackElo "2427"]
[Result "0-1"]
[PlyCount "40"]
[EventDate "2015.07.11"]

1. d4 Nf6 2. c4 e6 3. Nc3 Bb4 4. e3 c5 5. Nge2 cxd4 6. exd4 O-O 7. a3 Be7 8.
Nf4 d6 9. Be2 Nbd7 10. O-O a6 11. Be3 b6 12. Rc1 Bb7 13. d5 e5 14. Nh5 Nxh5 15.
Bxh5 f5 16. f4 Qc7 17. Ne2 g6 18. Ng3 Bf6 19. fxe5 Bxe5 20. Be2 f4 0-1

[Event "C.to Italiano Semifinale"]
[Site "Porto San Giorgio ITA"]
[Date "2015.07.16"]
[Round "7"]
[White "Luciani, Valerio"]
[Black "Valsecchi, Alessio"]
[WhiteElo "2214"]
[BlackElo "2457"]
[Result "0-1"]
[PlyCount "80"]
[EventDate "2015.07.11"]

1. d4 Nf6 2. Nf3 g6 3. b3 Bg7 4. Bb2 d6 5. Nbd2 b6 6. e4 Bb7 7. Bb5+ Nfd7 8.
O-O a6 9. Bc4 e6 10. Re1 O-O 11. Bd3 e5 12. Nf1 Nc6 13. c3 b5 14. Rc1 Re8 15.
Bb1 Ne7 16. c4 bxc4 17. Rxc4 Nc6 18. d5 Ne7 19. Ne3 Nb6 20. Rc2 Qd7 21. Rd2 Bh6
22. Nxe5 dxe5 23. Ng4 Bg7 24. Bxe5 Bxe5 25. Nxe5 Qd6 26. Ng4 f6 27. Kh1 Nd7 28.
Ne3 Nc8 29. Nc4 Qf8 30. f4 Nd6 31. Rde2 Qh6 32. g3 Rad8 33. Kg1 Qf8 34. e5 Nxc4
35. bxc4 Qc5+ 36. Kg2 Qxc4 37. Be4 Nb6 38. Rc2 Qa4 39. Qg4 Bxd5 40. Bxd5+ Nxd5
0-1

[Event "C.to Italiano Semifinale"]
[Site "Porto San Giorgio ITA"]
[Date "2015.07.16"]
[Round "7"]
[White "Mariano, Elia"]
[Black "Dappiano, Andrea"]
[WhiteElo "2210"]
[BlackElo "2204"]
[Result "0-1"]
[PlyCount "76"]
[EventDate "2015.07.11"]

1. d4 e6 2. g3 c5 3. Nf3 cxd4 4. Nxd4 d5 5. Bg2 Nf6 6. O-O Be7 7. c4 dxc4 8.
Qa4+ Nbd7 9. Rd1 O-O 10. Qxc4 Nb6 11. Qb3 Qc7 12. Nc3 e5 13. Ndb5 Qb8 14. a4
Be6 15. Qc2 Nc4 16. Ne4 Rc8 17. Nxf6+ Bxf6 18. Qe4 Na5 19. Be3 Rc4 20. Qd3 Qf8
21. Bxa7 Rd8 22. Qa3 Be7 23. Rxd8 Qxd8 24. Qd3 Qxd3 25. exd3 Rc2 26. d4 Nb3 27.
Rd1 Nxd4 28. Nxd4 exd4 29. Bxd4 Bb3 30. Re1 Kf8 31. Bc3 Bc5 32. Be4 Bxf2+ 33.
Kf1 Bc4+ 34. Kg2 Bd5 35. Bxd5 Bxe1+ 36. Kh3 Bxc3 37. bxc3 b6 38. c4 h5 0-1

[Event "C.to Italiano Semifinale"]
[Site "Porto San Giorgio ITA"]
[Date "2015.07.16"]
[Round "7"]
[White "Ortega, Lexy"]
[Black "Borgo, Giulio"]
[WhiteElo "2481"]
[BlackElo "2351"]
[Result "1/2-1/2"]
[PlyCount "55"]
[EventDate "2015.07.11"]

1. d4 d5 2. Nf3 e6 3. c4 a6 4. e3 Nf6 5. Nc3 c5 6. a3 dxc4 7. Bxc4 b5 8. Ba2
Bb7 9. O-O Be7 10. Qe2 Nbd7 11. Rd1 Qc7 12. d5 exd5 13. Nxd5 Nxd5 14. Bxd5 Bxd5
15. Rxd5 Nf6 16. Rg5 O-O 17. e4 Rae8 18. e5 Nd7 19. Rh5 Bd8 20. Qc2 g6 21. Rh3
Re6 22. Bf4 Rfe8 23. Qd2 Nf8 24. Rc1 Qd7 25. Rxc5 Qxd2 26. Bxd2 Nd7 27. Rd5
Nxe5 28. Nd4 1/2-1/2

[Event "C.to Italiano Semifinale"]
[Site "Porto San Giorgio ITA"]
[Date "2015.07.16"]
[Round "7"]
[White "Seresin, Francesco"]
[Black "Gilevych, Artem"]
[WhiteElo "2128"]
[BlackElo "2407"]
[Result "0-1"]
[PlyCount "92"]
[EventDate "2015.07.11"]

1. d4 e6 2. c4 Nf6 3. Nc3 Bb4 4. e3 c5 5. Nf3 d5 6. Bd3 O-O 7. O-O Nc6 8. cxd5
exd5 9. dxc5 Bxc5 10. h3 a6 11. b3 Qe7 12. Bb2 Rd8 13. Ne2 Ne4 14. Ned4 Rd6 15.
Rc1 Nxd4 16. Bxd4 Bxd4 17. exd4 Bf5 18. Ne5 Re8 19. Re1 h6 20. Rc2 Re6 21. Bxe4
dxe4 22. Rd2 b5 23. Ng4 h5 24. Ne3 Bg6 25. d5 Rd6 26. Rd4 Qe5 27. Qd2 f5 28. g3
h4 29. Ng2 hxg3 30. f4 Qe7 31. Re3 Qa7 32. Kh1 Bh5 33. Rxg3 Bf3 34. Kh2 Bxg2
35. Kxg2 Qf7 36. Kh2 Red8 37. Qc3 Rxd5 38. Rxd5 Rxd5 39. Qc8+ Kh7 40. Qxa6 Rd2+
41. Rg2 Rxg2+ 42. Kxg2 Qd5 43. Qc8 Qd2+ 44. Kg1 Qe3+ 45. Kg2 Qf3+ 46. Kg1 Qg3+
0-1

[Event "C.to Italiano Semifinale"]
[Site "Porto San Giorgio ITA"]
[Date "2015.07.16"]
[Round "7"]
[White "Zamengo, Fulvio"]
[Black "Cocconcelli, Lorenzo"]
[WhiteElo "2288"]
[BlackElo "2147"]
[Result "1-0"]
[PlyCount "95"]
[EventDate "2015.07.11"]

1. e4 e6 2. d4 d5 3. Nc3 Bb4 4. e5 c5 5. a3 Bxc3+ 6. bxc3 Qa5 7. Bd2 Qa4 8. Qg4
g6 9. Nf3 Nc6 10. Be2 c4 11. Bd1 h6 12. O-O Nge7 13. Qh4 Bd7 14. Bg5 Nf5 15.
Qh3 Rg8 16. Bd2 h5 17. Ng5 Nce7 18. f3 Qa5 19. Rf2 h4 20. g4 hxg3 21. hxg3 Qb6
22. Qg4 Rh8 23. Qf4 O-O-O 24. Nxf7 g5 25. Qg4 Nh6 26. Qxg5 Nxf7 27. Qxe7 Nxe5
28. Qb4 Qxb4 29. axb4 Nc6 30. b5 Ne7 31. Bg5 Rh7 32. Rxa7 Bxb5 33. Ra8+ Kd7 34.
Rxd8+ Kxd8 35. Rh2 Rg7 36. f4 Kd7 37. Kf2 Nf5 38. g4 Nd6 39. Bf3 Ne4+ 40. Bxe4
dxe4 41. Rh4 Ba4 42. Ke3 Bxc2 43. Bf6 Rg8 44. Rh7+ Kc6 45. g5 Bd3 46. Re7 Ra8
47. Rxe6+ Kd7 48. d5 1-0

[Event "C.to Italiano Semifinale"]
[Site "Porto San Giorgio ITA"]
[Date "2015.07.17"]
[Round "8"]
[White "Barp, Alberto"]
[Black "Coronel, Joshua"]
[WhiteElo "2222"]
[BlackElo "2017"]
[Result "0-1"]
[PlyCount "75"]
[EventDate "2015.07.11"]

1. d4 Nf6 2. c4 g6 3. Nc3 Bg7 4. e4 d6 5. Nge2 O-O 6. Ng3 a6 7. Be2 c5 8. d5 b5
9. cxb5 axb5 10. Nxb5 h5 11. Qc2 Ba6 12. a4 Nbd7 13. O-O Qb6 14. Ra3 Ne8 15.
Bg5 f6 16. Bd2 h4 17. Nh1 Nc7 18. Rb3 Bxb5 19. axb5 f5 20. exf5 gxf5 21. Qc4
Bd4 22. Bg5 Rf7 23. Bxh4 f4 24. Qc2 Ne5 25. Rh3 Rg7 26. Qe4 Rf8 27. Rd1 Bxb2
28. Kf1 Rff7 29. Rb1 Bd4 30. Bh5 Rf8 31. g3 f3 32. g4 Nxb5 33. Kg1 Nc3 34. Rxb6
Nxe4 35. Rb1 Nxg4 36. Bxg4 Rxg4+ 37. Bg3 c4 38. Kf1 0-1

[Event "C.to Italiano Semifinale"]
[Site "Porto San Giorgio ITA"]
[Date "2015.07.17"]
[Round "8"]
[White "Bellia, Fabrizio"]
[Black "Bove, Alessandro"]
[WhiteElo "2461"]
[BlackElo "2322"]
[Result "1/2-1/2"]
[PlyCount "89"]
[EventDate "2015.07.11"]

1. e4 e5 2. Nf3 Nf6 3. Nxe5 d6 4. Nf3 Nxe4 5. d4 d5 6. Bd3 Nc6 7. O-O Be7 8. c4
Nb4 9. Be2 O-O 10. Nc3 Bf5 11. a3 Nxc3 12. bxc3 Nc6 13. Re1 Re8 14. Bf4 Rc8 15.
Qa4 a6 16. c5 h6 17. h3 Bf6 18. Bf1 Qd7 19. Qb3 Rxe1 20. Rxe1 Rb8 21. Ne5 Bxe5
22. dxe5 Be6 23. Qd1 Qe7 24. Qh5 Kf8 25. Be3 Rd8 26. Rd1 Bc8 27. Bd4 Qg5 28.
Be2 Re8 29. f4 Qxf4 30. Rf1 g6 31. Rxf4 gxh5 32. Bxh5 Re7 33. Rf6 Kg7 34. Kf2
Be6 35. Kg3 b6 36. cxb6 Nxd4 37. cxd4 cxb6 38. Rf3 Rc7 39. Rb3 b5 40. Kf4 Rc2
41. Bf3 Kf8 42. Ke3 Ke7 43. Kd3 Bf5+ 44. Ke3 Be6 45. Kd3 1/2-1/2

[Event "C.to Italiano Semifinale"]
[Site "Porto San Giorgio ITA"]
[Date "2015.07.17"]
[Round "8"]
[White "Borgo, Giulio"]
[Black "Genocchio, Daniele"]
[WhiteElo "2351"]
[BlackElo "2423"]
[Result "1-0"]
[PlyCount "199"]
[EventDate "2015.07.11"]

1. Nf3 Nf6 2. c4 g6 3. Nc3 Bg7 4. d4 O-O 5. Bg5 d6 6. e3 c5 7. d5 h6 8. Bh4 e5
9. Nd2 Qd7 10. Be2 Nh7 11. g4 h5 12. h3 g5 13. Bg3 f5 14. gxf5 h4 15. Bh2 Qxf5
16. Bg1 Nf6 17. Qb1 e4 18. Nb5 Qd7 19. Nxe4 Nxe4 20. Qxe4 a6 21. Bg4 Qd8 22.
Bxc8 axb5 23. Be6+ Kh8 24. Qg6 Rf6 25. Qxg5 Qa5+ 26. Kf1 Nc6 27. dxc6 Rxe6 28.
cxb7 Rf8 29. Rh2 Qd2 30. Qh5+ Rh6 31. Qe2 Qxe2+ 32. Kxe2 bxc4 33. Rc1 d5 34.
Rg2 Rb6 35. Rg5 d4 36. Rxc4 Rxb2+ 37. Kd3 Rxb7 38. Rgxc5 Rb1 39. Rh5+ Kg8 40.
Rg5 dxe3 41. fxe3 Rd1+ 42. Ke2 Ra1 43. a4 Ra2+ 44. Kd3 Rd8+ 45. Ke4 Ra8 46. Rg4
R2xa4 47. Rxa4 Rxa4+ 48. Kf3 Ra1 49. Bf2 Kf7 50. Rxh4 Bf6 51. Rg4 Ke6 52. Bh4
Be5 53. Bg3 Bf6 54. Rb4 Rf1+ 55. Kg4 Bc3 56. Re4+ Kd5 57. Re8 Bg7 58. h4 Rg1
59. Kh3 Kc6 60. Re7 Bf8 61. Rf7 Bc5 62. Bf2 Rd1 63. h5 Kd6 64. Kg4 Ke6 65. Rf3
Rh1 66. Bh4 Rg1+ 67. Bg3 Rh1 68. Kg5 Rg1 69. Kg4 Rh1 70. Bf4 Rg1+ 71. Rg3 Rh1
72. Rh3 Rg1+ 73. Kf3 Be7 74. Ke4 Bf6 75. Rh2 Ra1 76. Rc2 Ra5 77. Rc6+ Kf7 78.
Rc7+ Kg8 79. h6 Rh5 80. Rb7 Bc3 81. Kf3 Rh1 82. Kg4 Ra1 83. e4 Ra5 84. Rd7 Kh8
85. Rd5 Ra7 86. Be5+ Bxe5 87. Rxe5 Ra4 88. Kf4 Ra6 89. Rh5 Kh7 90. Kf5 Ra5+ 91.
e5 Ra6 92. Rh1 Kg8 93. e6 Ra7 94. Rg1+ Kh8 95. Kf6 Ra6 96. Kf7 Ra2 97. Rg6 Kh7
98. Rf6 Ra7+ 99. e7 Rb7 100. Rf1 1-0

[Event "C.to Italiano Semifinale"]
[Site "Porto San Giorgio ITA"]
[Date "2015.07.17"]
[Round "8"]
[White "Bruno, Fabio"]
[Black "Gennari, Jacopo"]
[WhiteElo "2427"]
[BlackElo "2108"]
[Result "1-0"]
[PlyCount "49"]
[EventDate "2015.07.11"]

1. d4 d5 2. Nf3 c6 3. c4 e6 4. e3 Nf6 5. b3 Be7 6. Bb2 O-O 7. Bd3 Nbd7 8. O-O
b6 9. Nc3 Bb7 10. Qc2 Rc8 11. Rad1 Qc7 12. Ne5 h6 13. f4 c5 14. Qe2 Nxe5 15.
dxe5 Ne4 16. Bxe4 dxe4 17. Nb5 Qb8 18. Rd7 Bh4 19. Nd6 Rc7 20. Rxc7 Qxc7 21.
Qg4 Be7 22. f5 h5 23. Qxh5 Bxd6 24. exd6 Qxd6 25. Bxg7 1-0

[Event "C.to Italiano Semifinale"]
[Site "Porto San Giorgio ITA"]
[Date "2015.07.17"]
[Round "8"]
[White "Cocchi, Andrea"]
[Black "Marzaduri, Riccardo"]
[WhiteElo "2282"]
[BlackElo "2163"]
[Result "1/2-1/2"]
[PlyCount "60"]
[EventDate "2015.07.11"]

1. Nf3 d5 2. b3 Nf6 3. Bb2 Bf5 4. g3 c6 5. Bg2 e6 6. O-O h6 7. d3 Be7 8. Nbd2
O-O 9. Qe1 Bh7 10. e4 a5 11. a3 Na6 12. Qe3 Re8 13. Kh1 c5 14. Ne5 Qc7 15. Qe2
a4 16. Ng4 d4 17. c3 Nxg4 18. Qxg4 f5 19. Qe2 e5 20. exf5 axb3 21. Bd5+ Kh8 22.
Qe4 c4 23. Nxc4 dxc3 24. Bxc3 Nc5 25. Qxe5 Qxe5 26. Nxe5 Bxf5 27. g4 Bxd3 28.
Nxd3 Nxd3 29. Bxb3 Bxa3 30. Bd5 Bc5 1/2-1/2